000 00302nam a2200133Ia 4500
008 231017s9999 xx 000 0 und d
082 _a388.40285
082 _bASS
245 0 _aAsset Management NT Version 1.0: Users Guide
245 0 _cNCHRP
260 _bNCHRP
300 _c30cm
942 _cREP
999 _c604149
_d604149